000 00943nam a2200289 a 4500
001 2002117
003 OSt
005 20161026143019.0
008 930812s1988 ja a b i100 0 eng d
010 _a 90123399
020 _a9280806343
035 _a(OCoLC)19699218
040 _aNbU
_cNbU
_dDLC
042 _alccopycat
043 _aa------
050 0 4 _aTX360.A74
_bE34 1983
082 _aW 84.6 E35 1988
100 _aEdited by Andersen, Jean E; Aree Valyasevi.
_911249
245 0 0 _aEffective Communications for Nutrition in Primary Health Care :
_breport of the Asian Regional Workshop, Bangkok, Thailand, 3-7 October 1983
260 _aTokyo;
_bUnited Nations University,
_cc1988.
300 _axii, 208 p. :
_bill. ;
_c24 cm.
504 _aIncludes bibliographical references.
650 0 _aNutrition policy
_92054
650 0 _aPublic health
_92055
906 _a7
_bcbc
_ccopycat
_d3
_encip
_f19
_gy-gencatlg
942 _2z
_cSLOAN
999 _c766
_d766